01303nam a2200301 a 450000100100000000500170001000800410002702000180006804000250008608200170011110000400012824501500016826000680031830000210038649000450040750400320045250400560048460000670054065000380060765000520064565000310069770000390072883000530076791000370082004900090085795201200086699900150098600000476920200929151511.0090727s2008 es 001 0 spa d a9788486809393 aDO-SdBNPbspacBNPHU a852.8bG643v1 aGonzález-Barrera, Julián91385513aUn viaje de ida y vuelta :bAmérica en las comedias del primer Lope (1562-1598) /cJulián González-Barrera ; prólogo de Giuseppe Bellini. aMurcia, España :bUniversidad de Alicante,c2008.fCompobell, a252 p. ;c18 cm.1 aCuadernos de América sin nombrevv. 23 aBibliografía: p. 225-247. aIncluye bibliografía y notas al pie de páginas.14aVEGA, LOPE DE,d1562-1635xCRÍTICA E INTERPRETACIÓN913856 4aAmérica en la literatura913857 4aComedia españolaxHistoria y crítica913858 4aLiteratura española96321 aBellini, Giuseppe,epról.913859 0aCuadernos de América sin nombrenNo. 23913860 aValidado. Control de calidad EMS aBNPD 001054708MOaGRbGRcHDd2009-07-27iLF1l0o852.8 G643vp4769-10r2020-06-25w2020-06-25y4ZPréstamo en sala c4575d4575